Słowa zakończone na -skok. - Statystyki

Ogólne statystyki
  • Ten quiz został rozwiązany 258 razy
  • Średni wynik to 7 z 14
Statystyki odpowiedzi
Odpowiedź % Poprawnych
Skok
81%
Wyskok
78%
Podskok
77%
Naskok
68%
Uskok
59%
Odskok
52%
Doskok
51%
Zaskok
48%
Zeskok
45%
Przeskok
44%
Wskok
31%
Poskok
25%
Trójskok
17%
Obskok
12%
Nie znaleziono quizów pasujących do podanych kryteriów
Rozkład punktacji
Procent ludzi z każdym wynikiem
Percentyl według liczby udzielonych odpowiedzi
Twoja historia wyników
Nie rozwiązałeś tego quizu